Fuentes para la historia urbana en el reino de Chile.

Saved in:
Bibliografiske detaljer
Hovedforfatter: Lorenzo Schiaffino, Santiago (introducción y recopilación)
Format: Bog
Sprog:spansk
Udgivet: Santiago, Chile: Academia Chilena de la Historia, 1995.
Udgivelse:1a. edición.
Serier:Serie de Estudios y Documentos para la Historia de las Ciudades del reino de Chile, 2.
Fag:
Tags: Tilføj Tag
Ingen Tags, Vær først til at tagge denne postø!

MARC

LEADER 00000cam a2200000 a 4500
001 UCU2274
003 CL-VaPUC
005 20240621160520.0
008 960423e19950000CL |||||||||||||||||spa|d
999 |c 246636  |d 246634 
040 |c Pontificia Universidad Católica de Valparaíso 
082 0 4 |a 983 LOR 1995  |2 21 
100 |a Lorenzo Schiaffino, Santiago  |e introducción y recopilación   |9 889684 
245 1 0 |a Fuentes para la historia urbana en el reino de Chile. 
250 |a 1a. edición. 
260 |a Santiago, Chile:  |b Academia Chilena de la Historia,  |c 1995. 
300 |a Tomo I. 
490 0 |a Serie de Estudios y Documentos para la Historia de las Ciudades del reino de Chile,  |v  2. 
500 |a c.7 Tomo I: Donación Familia Prof. Alejandro Guzmán Brito. 
505 |a t.I.: Autos de fundación de Quillota, Los Ángeles, San Felipe, Cauquenes, Talca, San Fernando, Melipilla, Rancagua, Curicó y Copiapó. 
583 |a last modification  |c 20150413 04:28:20  |k Rodrigo Vera 
650 0 |a Ciudades  |z Quillota  |z Los Angeles  |z San Felipe  |z Cauquenes   |z Talca  |z San Fernando  |z Melipilla  |z Rancagua  |z Curicó   |z Copiapó  |9 255047 
852 |a BIBCUR 
942 |c BK  |2 ddc  |n 0 
945 |d 19960423 00:00:00  |a rbrito 
952 |0 0  |1 0  |2 ddc  |4 0  |6 983_000000000000000_LOR_1995  |7 0  |8 A  |9 261795  |a BIBHIS  |b BIBHIS  |d 2019-11-19  |h v.1  |i 3190404  |l 3  |m 1  |o 983 LOR 1995  |p 3190404  |r 2025-01-20  |s 2024-06-12  |t 4  |w 2019-11-19  |y BK  |k HIS 
952 |0 0  |1 0  |2 ddc  |4 0  |6 983_000000000000000_LOR_1995  |7 0  |8 A  |9 261796  |a BIBHIS  |b BIBHIS  |d 2019-11-19  |h v.1  |i 431414K  |l 4  |m 5  |o 983 LOR 1995  |p 431414K  |r 2025-01-20  |s 2024-06-03  |t 5  |w 2019-11-19  |y BK  |k HIS 
952 |0 0  |1 0  |2 ddc  |4 0  |6 983_000000000000000_LOR_1995  |7 0  |8 F  |9 261797  |a BIBDER  |b BIBDER  |d 2019-11-19  |h v.1  |i 4092074  |o 983 LOR 1995  |p 4092074  |r 2023-01-25  |t 3  |w 2019-11-19  |y BK_F  |k DER 
952 |0 0  |1 0  |2 ddc  |4 0  |6 983_000000000000000_LOR_1995  |7 0  |8 F  |9 261798  |a BIBDER  |b BIBDER  |d 2019-11-19  |h v.1  |i 436807K  |o 983 LOR 1995  |p 436807K  |r 2023-01-25  |t 2  |w 2019-11-19  |y BK_F  |k DER 
952 |0 0  |1 0  |2 ddc  |4 0  |6 983_000000000000000_LOR_1995  |7 0  |8 X  |9 261799  |a FDOBUD  |b FDOBUD  |d 2019-11-19  |h v.1  |i 1013424  |o 983 LOR 1995  |p 1013424  |r 2019-11-19  |t 6  |w 2019-11-19  |y BK_X  |k FHP 
952 |0 0  |1 0  |2 ddc  |3 erd  |4 0  |6 983_000000000000000_LOR_1995  |7 0  |8 A  |9 261800  |a BIBARQ  |b BIBARQ  |h v.1  |i 5145309  |o 983 LOR 1995  |p 5145309  |r 2025-01-20  |t 1  |w 2019-11-19  |y BK  |z Catalogado en:20150409  |k ARQ 
952 |0 0  |1 0  |2 ddc  |4 0  |6 983_000000000000000_LOR_1995  |7 1  |8 C_AGB  |9 580730  |a BIBDER  |b BIBDER  |d 2022-01-20  |e Donación   |h t.I  |i 5640725   |o 983 LOR 1995  |p 5640725  |r 2023-01-25  |t 7  |w 2022-01-20  |y BK_US  |k AGB